Statistiken für Die 10 nördlichsten Hauptstädte Europas

Klicken Sie hier um das Quiz zu spielen!

Allgemein

  • Dieses Quiz wurde 25.076 mal gespielt
  • Das Durchschnittsergebnis liegt bei 8 aus 10

Antwortstatistiken

BreiteHauptstadt% Korrekt
59°95'NOslo
97%
60°17'NHelsinki
93%
59.32'NStockholm
93%
55°75'NMoskau
89%
55°67'NKopenhagen
88%
63°14'NReykjavík
82%
56°93'NRiga
75%
59°43'NTallinn
73%
54°68'NVilnius
61%
53°54'NMinsk
57%

Verteilung der Resultate

Perzentil nach korrekt beantworteten Fragen

Anzahl Personen mit jedem Resultat

Ihre Resultats-Entwicklung

Sie haben dieses Quiz noch nicht gespielt